Postavenie produktov vybraných slovenských mliekarní v konkurenčnom prostredí

Konkurenčné prostredie, v ktorom pôsobia podniky slovenského mliekarenského priemyslu. Teoretické a praktické aspekty konkurencieschopnosti vybraných mliečnych výrobkov.

Gespeichert in:
Bibliographische Detailangaben
1. Verfasser: Ubrežiová, Iveta
Weitere Verfasser: Horská, Elena
Format: Buchkapitel
Sprache:Slowakisch
Schlagworte:
Tags: Tag hinzufügen
Keine Tags, Fügen Sie das erste Tag hinzu!

MARC

LEADER 00000naa$a2200000$$$4500
001 0003520
005 20230929065300.0
041 0 |a slo 
044 |a SK 
245 1 0 |a Postavenie produktov vybraných slovenských mliekarní v konkurenčnom prostredí  |c Iveta Ubrežiová, Elena Horská 
520 |a Konkurenčné prostredie, v ktorom pôsobia podniky slovenského mliekarenského priemyslu. Teoretické a praktické aspekty konkurencieschopnosti vybraných mliečnych výrobkov. 
610 2 0 |a priemysel mliekarský 
610 2 0 |a výrobky 
610 2 0 |a konkurencieschopnosť 
610 2 0 |a stratégia podniková 
100 1 |a Ubrežiová, Iveta 
700 1 |a Horská, Elena